Loading...
| Social Science | 0 | 8 | 0 | 0 | 80 | 93 | 103.75 | 0 | 2 |
| Literature - British Literature | 0 | 8 | 1 | 0 | 75 | 86 | 111.13 | 0 | 0 |
| Literature - World Literature | 0 | 8 | 3 | 0 | 65 | 104 | 117.25 | 0 | 1 |
| Science - Other Science | 0 | 5 | 1 | 1 | 45 | 17 | 88.00 | 1 | 2 |
| Philosophy | 0 | 6 | 3 | 0 | 45 | 89 | 115.00 | 0 | 1 |
| Religion | 0 | 4 | 0 | 0 | 40 | 56 | 84.75 | 0 | 1 |
| Literature - European Literature | 0 | 5 | 3 | 0 | 35 | 66 | 112.00 | 1 | 1 |
| History - European History | 0 | 4 | 3 | 0 | 25 | 79 | 109.75 | 0 | 1 |
| History - World History | 0 | 2 | 0 | 0 | 20 | 93 | 103.00 | 0 | 0 |
| Science - Biology | 0 | 2 | 0 | 1 | 20 | 81 | 103.00 | 0 | 0 |
| Any History | 0 | 2 | 0 | 1 | 20 | 107 | 116.50 | 0 | 1 |
| Literature - American Literature | 0 | 4 | 5 | 1 | 15 | 113 | 125.50 | 1 | 1 |
| History - American History | 0 | 1 | 0 | 1 | 10 | 133 | 133.00 | 0 | 0 |
| Geography | 0 | 1 | 0 | 0 | 10 | 110 | 110.00 | 0 | 0 |
| Science - Chemistry | 0 | 1 | 1 | 0 | 5 | 99 | 99.00 | 0 | 0 |
| Fine Arts - Other Fine Arts | 0 | 1 | 1 | 1 | 5 | 140 | 140.00 | 0 | 0 |
| Painting & Sculpture | 0 | 1 | 1 | 0 | 5 | 106 | 106.00 | 0 | 0 |
| Current Events | 0 | 0 | 0 | 0 | 0 | 0.00 | 0 | 0 | |
| Fine Arts - Classical Music | 0 | 0 | 0 | 0 | 0 | 0.00 | 0 | 0 | |
| Other Academic | 0 | 0 | 1 | 0 | -5 | 0.00 | 0 | 0 | |
| Science - Physics | 0 | 2 | 5 | 1 | -5 | 130 | 134.50 | 0 | 0 |
| Mythology | 0 | 0 | 1 | 0 | -5 | 0.00 | 0 | 0 |